All 100k+ Cities in Italy on a Map - Statistics

General Stats
  • This quiz has been taken 3,493 times
  • The average score is 31 of 45
Answers on the Map
Answers color-coded by a green-red scale on the quiz's map according to % correct below.
 
Answer Stats
Pop City % Correct
2,86 m Rome
99%
1,38 m Milan
98%
959 k Naples
97%
876 k Turin
97%
261 k Venice
96%
378 k Florence
95%
663 k Palermo
95%
578 k Genoa
93%
390 k Bologna
91%
320 k Bari
90%
204 k Trieste
88%
154 k Cagliari
84%
312 k Catania
84%
258 k Verona
84%
233 k Messina
77%
211 k Padua
74%
196 k Parma
74%
180 k Reggio Calabria
71%
172 k Reggio Emilia
71%
121 k Bergamo
70%
122 k Syracuse
70%
186 k Modena
69%
199 k Brescia
68%
118 k Trento
67%
151 k Rimini
65%
197 k Taranto
65%
158 k Livorno
60%
157 k Ravenna
60%
133 k Salerno
60%
107 k Bolzano
59%
101 k Ancona
57%
166 k Perugia
56%
127 k Sassari
55%
132 k Ferrara
53%
123 k Monza
53%
119 k Pescara
53%
195 k Prato
51%
151 k Foggia
49%
126 k Latina
49%
112 k Vicenza
46%
103 k Piacenza
43%
104 k Novara
40%
118 k Forlì
38%
111 k Terni
37%
124 k Giugliano in Campania
25%
No matching quizzes found
Score Distribution
Percent of People with Each Score
Percentile by Number Answered
Your Score History
You have not taken this quiz